000
00304pam a2200157 a 4500
020
_c
041
_h
100
_a
H. W. Fowler
245
_a
The Concise Oxford Dictionary
250
_a
8th
260
_c
1990
300
_a
1454
653
_a
Dictionary
700
_a
F. G. Flwler
930
_a
915
999
_c
246768
_d
246768